| 000 | 00639cam a22002057a 4500 | ||
|---|---|---|---|
| 003 | OSt | ||
| 005 | 20160426133140.0 | ||
| 008 | 160426s2015 spc|||||| |00| ||spa|d | ||
| 017 |
_aDL B 23819-2015 _bBiblioteca de Catalunya |
||
| 020 | _a9788491160380 | ||
| 040 |
_bcat _cCDMR |
||
| 100 | 1 | _aNoguera Vivo, José Manuel | |
| 245 | 1 | 0 |
_aTodos, todo _b: manual de periodismo, participación y tecnología _cJosé Manuel Noguera Vivo |
| 260 |
_aBarcelona : _bEditorial UOC, _c2015 |
||
| 300 |
_a136 p. ; _c22 cm |
||
| 504 | _aBibliografia p. 135-136 | ||
| 650 | 4 | _aPeriodisme ciutadà | |
| 650 | 4 |
_aPeriodisme digital _93076 |
|
| 942 | _cMON | ||
| 999 |
_c6930 _d6930 |
||